00414nam a2200181Ia 4500003000400000005001700004008004100021020001900062040000700081041000800088082001300096100001500109245005100124260001700175300000900192650001200201700001900213OSt20251208124140.0250729s1918 xx 000 0 und d a978-1406799521 cAL aeng a900 TAPF aTappan E M aIn feudal times-social life in the middle ages aLondonc1918 a361p aHistory aRao Digumurthi